01289nam a2200325 i 4500003001100000005001700011007000300028008004100031020001800072040003000090082002800120100002800148245007600176264004700252300004400299336002700343337003300370338002800403500011900431590002600550650003600576650003500612650003600647650003600683700004700719910004000766942001200806952012800818999001700946DO-SdBPMSU20250303080411.0ta230713b2022 dr ac||| |||| 00| 0 spa d a9789945930283 aDO-SdBPMbspacBPMSUerda 4222aRD863.5bH565p 20221 aHerrera, Niurcaeautora10aPollo cojo /cNiurca Herrera ; ilustración, Daniel O. Polanco Valerio 1aSanto Domingo :bEl Gato Ediciones,c2022. a29 páginas :bilustraciones ;c28 cm. 2rdacontentatextobtxt 2rdamediaasin mediaciónbn 2rdacarrieravolumenbnc aPollo cojo es una historia inspirada en la vida de Edén Carvajal, atleta paralímpico con discapacidad motora.  aInventariado, 2025/VM 4aCuentos infantiles dominicanos  4aAnimales vCuentos infantiles  4aLibros ilustrados para niños  4aLiteratura infantil dominicana 1 aPolanco Valerio, Daniel O.,eilustración aVMateo V. Control de calidad. BPMSU 2ddccBK 00102ddc40708CI-DaBPMETbBPMETd2025-03-03l0oBPMSU CDI RD863.5 H565p 2022pBPMSU25030001r2025-03-03w2025-03-03yBK c14963d14963